| 000 | 011020000a22002770004500 | ||
|---|---|---|---|
| 003 | EG-GICUC | ||
| 005 | 20250223025300.0 | ||
| 008 | 080525s2003 ua d f m 000 0 eng d | ||
| 040 |
_aEG-GICUC _beng _cEG-GICUC |
||
| 041 | 0 | _aEng | |
| 049 | _aGift | ||
| 097 | _aM.Sc | ||
| 099 | _aCai01.13.11.M.Sc.2003.Ya.I | ||
| 100 | 0 | _aYassen Elsayed Yassen | |
| 245 | 1 | 3 |
_aAn investigation of greenhouse effect on flow through ducts / _cYassen Elsayed Yassen ; Supervised Fawzy M.A.Elotla , Ahmed Sharaf Abdelhamed |
| 246 | 1 | 5 | _aالتحقيق لأثر الاحتباس الحرارى على السريان خلال الانفاق |
| 260 |
_aPort Said : _bYassen Elsayed Yassen , _c2003 |
||
| 300 |
_a87P. : _bcharts ; _c25cm |
||
| 502 | _aThesis (M.Sc.) - Suez Canal University - Faculty Of Engineering , Port Said - Department Of Mechanical Power Engineering | ||
| 700 | 0 |
_aAhmed Sharaf Abdelhamed , _eSupervisor |
|
| 700 | 0 |
_aFawzy Mohamed Abdou Elotla , _eSupervisor |
|
| 856 | _uhttp://172.23.153.220/th.pdf | ||
| 905 |
_aMustafa _eRevisor |
||
| 905 |
_aSamia _eCataloger |
||
| 942 |
_2ddc _cTH |
||
| 999 |
_c9586 _d9586 |
||